The fall of five / (Record no. 21932)
[ view plain ]
| 000 -LEADER | |
|---|---|
| fixed length control field | 01573cam a22003495a 4500 |
| 001 - CONTROL NUMBER | |
| control field | 17700106 |
| 003 - CONTROL NUMBER IDENTIFIER | |
| control field | EG-ScBUE |
| 005 - DATE AND TIME OF LATEST TRANSACTION | |
| control field | 20210130121922.0 |
| 008 - FIXED-LENGTH DATA ELEMENTS--GENERAL INFORMATION | |
| fixed length control field | 130416t2013 nyu f 000 1 eng d |
| 020 ## - INTERNATIONAL STANDARD BOOK NUMBER | |
| International Standard Book Number | 9780062330529 |
| 035 ## - SYSTEM CONTROL NUMBER | |
| System control number | (OCoLC)ocn850420480 |
| 040 ## - CATALOGING SOURCE | |
| Original cataloging agency | UPZ |
| Language of cataloging | eng |
| Description conventions | rda |
| Transcribing agency | UPZ |
| Modifying agency | BTCTA |
| -- | JAO |
| -- | JQM |
| -- | OCLCQ |
| -- | JAG |
| -- | OCLCO |
| -- | IP6 |
| -- | ATIGN |
| -- | TXA |
| -- | WIQ |
| -- | DLC |
| -- | EG-ScBUE |
| 082 04 - DEWEY DECIMAL CLASSIFICATION NUMBER | |
| Classification number | 813.6 |
| Item number | LOR |
| Edition number | 22 |
| 100 1# - MAIN ENTRY--PERSONAL NAME | |
| Personal name | Lore, Pittacus, |
| Relator term | author. |
| 9 (RLIN) | 40277 |
| 245 14 - TITLE STATEMENT | |
| Title | The fall of five / |
| Statement of responsibility, etc | Pittacus Lore. |
| 250 ## - EDITION STATEMENT | |
| Edition statement | International edition. |
| 264 #1 - PUBLICATION, DISTRIBUTION, ETC. (IMPRINT) | |
| Place of publication, distribution, etc | New York, NY : |
| Name of publisher, distributor, etc | Harper Collins Publishers, |
| Date of publication, distribution, etc | [2013] |
| 264 #4 - PUBLICATION, DISTRIBUTION, ETC. (IMPRINT) | |
| Date of publication, distribution, etc | c2013 |
| 300 ## - PHYSICAL DESCRIPTION | |
| Extent | 421 pages ; |
| Dimensions | 17 cm. |
| 336 ## - CONTENT TYPE | |
| Source | rdacontent |
| Content type term | text |
| Content type code | txt |
| 337 ## - MEDIA TYPE | |
| Source | rdamedia |
| Media type term | unmediated |
| Media type code | n |
| 338 ## - CARRIER TYPE | |
| Source | rdacarrier |
| Carrier type term | volume |
| Carrier type code | nc |
| 490 0# - SERIES STATEMENT | |
| Series statement | I am number four |
| 490 0# - SERIES STATEMENT | |
| Series statement | Lorien legacies ; |
| Volume number/sequential designation | bk. 4 |
| 520 ## - SUMMARY, ETC. | |
| Summary, etc | After facing off with the Mogadorian ruler and almost being annihilated, the Garde go into hiding. They must learn to master their Legacies and learn to work together as a team. When they receive a sign from Number Five -- a crop circle in the shape of a Loric symbol -- they know they are close to being reunited. But could it be a trap? Time is running out, and the only thing they know for certain is that they have to get to Five before it's too late. |
| 650 #7 - SUBJECT ADDED ENTRY--TOPICAL TERM | |
| Topical term or geographic name as entry element | Extraterrestrial beings |
| Form subdivision | Juvenile fiction. |
| Source of heading or term | BUEsh |
| 9 (RLIN) | 40278 |
| 650 #7 - SUBJECT ADDED ENTRY--TOPICAL TERM | |
| Topical term or geographic name as entry element | Friendship |
| Form subdivision | Juvenile fiction. |
| Source of heading or term | BUEsh |
| 9 (RLIN) | 40191 |
| 651 ## - SUBJECT ADDED ENTRY--GEOGRAPHIC NAME | |
| Source of heading or term | BUEsh |
| 653 ## - INDEX TERM--UNCONTROLLED | |
| Arrived date list | June2016 |
| BestSellers | Best Sellers |
| Resource For college | Humanities: English |
| 655 ## - INDEX TERM--GENRE/FORM | |
| Form subdivision | Reading book |
| 9 (RLIN) | 34232 |
| 942 ## - ADDED ENTRY ELEMENTS (KOHA) | |
| Source of classification or shelving scheme | Dewey Decimal Classification |
| Koha item type | Book - Borrowing |
| Withdrawn status | Lost status | Source of classification or shelving scheme | Damaged status | Not for loan | Collection code | Home library | Current library | Shelving location | Date acquired | Source of acquisition | Cost, normal purchase price | Serial Enumeration / chronology | Total Checkouts | Full call number | Barcode | Checked out | Date last seen | Date checked out | Cost, replacement price | Price effective from | Koha item type |
|---|---|---|---|---|---|---|---|---|---|---|---|---|---|---|---|---|---|---|---|---|---|
| Dewey Decimal Classification | ILB | Central Library | Central Library | Second Floor | 20/06/2016 | Purchase | 70.00 | 8263 | 3 | 813.6 LOR | 000032733 | 11/03/2024 | 04/03/2024 | 04/03/2024 | 88.00 | 20/06/2016 | Book - Borrowing |